000 00494nam a2200193Ia 4500
005 20240823025540.0
008 240823s9999||||xx |||||||||||||| ||und||
020 _a978-81-8128-500-3
041 _aENGLISH
082 _A621.312 P9
100 _a"Leonhard,Werner"
245 0 _aControl of Electrical drives
250 _a3rd
260 _c2009
_bSpringer International Ed
500 _aTRANSFERED
650 _aControl of Electrical drives
_bElectrical
942 _cBK
999 _c186576
_d186576